Φορτώνει......

AGNEYA MAHAPURANAM

Λεπτομέρειες βιβλιογραφικής εγγραφής
Μορφή: Printed Book
Θέματα:
LEADER 00410nam a2200169 4500
020
082 |a 294.592 5 AGN 
100
245 |a AGNEYA MAHAPURANAM  |h English 
250
260
300 |f HB 
650 |a AGNEYA MAHAPURANAM 
700
942 |c TB 
999 |c 149571  |d 149571 
952 |0 0  |1 0  |4 0  |6 294_592000000000000_5_AGN  |7 0  |9 163031  |a ORI  |b ORI  |l 0  |o 294.592 5 AGN  |p ORI1088/M  |r 2019-10-25  |w 2019-10-25  |y TB